Mankoff's Lusty Europe : the first all-purpose European guide to sex, love and romance /
Enregistré dans:
| Auteur principal: | |
|---|---|
| Format: | Livre |
| Langue: | anglais |
| Publié: |
New York
Mayflower Book
[1975]
|
| Tags: |
Pas de tags, Soyez le premier à ajouter un tag!
|
MARC
| LEADER | 00000nam a2200000 4500 | ||
|---|---|---|---|
| 001 | CDOM0000005442 | ||
| 003 | mi | ||
| 005 | 20250908144412.0 | ||
| 008 | 250908b |||||||| |||| 00| 0 eng d | ||
| 040 | |c mi | ||
| 100 | |a Mankoff, Allan H. | ||
| 245 | 1 | |a Mankoff's Lusty Europe : |b the first all-purpose European guide to sex, love and romance / |c by Allan H. Mankoff | |
| 260 | |a New York |b Mayflower Book |c [1975] | ||
| 300 | |a XX, 580 p. |c 18 cm. | ||
| 942 | |2 ddc |c BK | ||
| 952 | |0 0 |1 0 |2 ddc |4 0 |6 B_SSA07MANALLUS11 |7 0 |9 9194 |a MI |b MI |d 2013-02-22 |i 1165 |l 0 |o B-SSA07-MANAL-LUS11 |p CDOM1165 |r 2025-07-17 21:50:00 |w 2025-07-17 |x DONO |y BK | ||
| 999 | |c 7661 |d 7661 | ||